000 00705 a2200193 4500
001 134359
003 OSt
005 20210921152424.0
008
020 _a9789350001745
082 _a305.420954
_bH58P
100 1 _aहिना, जाहिदा
245 1 _aपाकिस्तानी स्त्री : यातना और संघर्ष
_cby जाहिदा हिना
260 _aनई दिल्ली
_bवाणी प्रकाशन
_c2010
300 _a227p.
630 _aहिन्दी साहित्य
690 _aWomen--Social conditions; Pakistan; Women--Crimes against; Women's rights
942 _2ddc
_cBK
999 _c7976
_d7976